Kľúčovým faktorom sú teplotné podmienky
Rozhovor o logistike liekov s riaditeľom logistiky Phoenix Zdravotnícke zásobovanie. Špecifiká logistiky liekov. Skladovanie liekov. Nároky na kvalifikovaný personál. Emergentný systém distribúcie. Elektronické objednávanie liekov.
Salvato in:
| Autore principale: | |
|---|---|
| Altri autori: | |
| Natura: | Capitolo di libro |
| Lingua: | slovacco |
| Soggetti: | |
| Tags: |
Nessun Tag, puoi essere il primo ad aggiungerne!!
|
MARC
| LEADER | 00000naa a2200000 4500 | ||
|---|---|---|---|
| 001 | 0231293 | ||
| 005 | 20170801092058.7 | ||
| 041 | 0 | |a slo | |
| 044 | |a CZ | ||
| 245 | 1 | 0 | |a Kľúčovým faktorom sú teplotné podmienky |c Jozef Brezovský, Stanislav Sokol |
| 520 | |a Rozhovor o logistike liekov s riaditeľom logistiky Phoenix Zdravotnícke zásobovanie. Špecifiká logistiky liekov. Skladovanie liekov. Nároky na kvalifikovaný personál. Emergentný systém distribúcie. Elektronické objednávanie liekov. | ||
| 610 | 2 | 0 | |a liečivá |
| 610 | 2 | 0 | |a distribúcia |
| 610 | 2 | 0 | |a skladovanie |
| 610 | 2 | 0 | |a preprava |
| 610 | 2 | 0 | |a logistika |
| 610 | 2 | 0 | |a firmy |
| 610 | 2 | 0 | |a lekárne |
| 100 | 1 | |a Brezovský, Jozef | |
| 700 | 1 | |a Sokol, Stanislav | |